000 00705nam a22002297a 4500
003 UA-OsUOA
001 92848
007 ta
008 20121227b un ||||| |||| 00| 0 ukr d
100 _aБондарев Ю.
090 _a821.161.1
_bБ81
942 _cBK
040 _aUA-OsUOA
_brus
_cUA-OsUOA
_dUA-OsUOA
245 _aИзбранные произведения в двох томах
_bТ.2
_cпоследние залпы, берег
300 _a565 с.
955 _a3
041 _arus
080 _a821.161.1
260 _aМ.
_bХудожественная литература
_c1977
650 7 _a82 Література. Літературознавство
_2UDC
999 _c379321
_d379321